000 00656nam a2200157 a 4500
008 120416s1991 ||||||||||||||||| || u
050 _aTH 435 Fer
100 _aFerry, Douglas J
245 1 0 _aCost planning of buildings
250 _a6th ed.
260 _aOxford
_bBSP Professional Books
_c1991
300 _a[vi], 388p. : ill
350 _a0.00
995 _aMAIN LIBRARY OPEN ACCESS
_D0.00
_e726359
_FCBU-MAIN LIBRARY (Kitwe)
_H1
_I17.99
_jTH 435 Fer
_UAVAILABLE
_y015251
_ZMain Library Open Access Collection
995 _aMAIN LIBRARY OPEN ACCESS
_D0.00
_e015250
_FCBU-MAIN LIBRARY (Kitwe)
_H2
_I17.99
_jTH 435 Fer
_ULOST
_y015250
_ZMain Library Open Access Collection
999 _c62566
_d62566